000 00455nam a2200181Ia 4500
001 2195
005 20260306143824.0
008 260306t2024||||xx |||||||||||||| ||spa||
041 _aESP
082 _a616.042
_bC264
100 _aCohn, Ronald Doron,
_eAUT
245 0 _aThompson y Thompson genética y genómica en medicina
260 _c2024
300 _axxv, 645 páginas :
_c28 cm.
650 _aGEN
654 _aCCS
942 _cLIB
_dJUS
_fJUS
_2ddc
_n
999 _c2195
_d2195